| Tag |
First Indicator |
Second Indicator |
Subfields |
| LEADER |
00000cam a2200000 a 4500 |
| 001 |
in00004479080 |
| 005 |
20221222141030.1 |
| 008 |
920423s1990 gw a b 001 0 eng d |
| 019 |
|
|
|a 22776957
|
| 020 |
|
|
|a 3540526528 (alk. paper)
|
| 020 |
|
|
|a 0387526528 (alk. paper)
|
| 035 |
|
|
|a (OCoLC)1565694
|
| 035 |
|
|
|9 AAF6567MS
|
| 035 |
|
|
|z (UtOrBLW)17461
|
| 035 |
|
|
|a 29257
|
| 040 |
|
|
|a NLM
|c NLM
|d FPU
|d MCS
|d PIT
|d WQM
|d TMV
|d UtOrBLW
|
| 049 |
|
|
|a TMVM
|c 1
|
| 060 |
0 |
0 |
|a W1
|b CU82K v.164 1990
|a [WK 810 H918 1990]
|
| 069 |
0 |
|
|a 9206472
|
| 096 |
|
|
|a QW 504
|b C976 v.164 1990
|
| 245 |
0 |
0 |
|a Human diabetes :
|b genetic, environmental, and autoimmune etiology /
|c edited by S. Baekkeskov and B. Hansen.
|
| 264 |
|
1 |
|a Berlin ;
|a New York :
|b Springer-Verlag,
|c [1990]
|
| 264 |
|
4 |
|c ©1990
|
| 300 |
|
|
|a 198 pages :
|b illustrations ;
|c 25 cm.
|
| 336 |
|
|
|a text
|2 rdacontent
|b txt
|
| 337 |
|
|
|a unmediated
|2 rdamedia
|
| 338 |
|
|
|a volume
|2 rdacarrier
|b nc
|
| 490 |
1 |
|
|a Current topics in microbiology and immunology ;
|v 164
|
| 504 |
|
|
|a Includes bibliographical references and index.
|
| 650 |
|
2 |
|a Diabetes Mellitus, Type 1
|x etiology.
|
| 650 |
|
2 |
|a Diabetes Mellitus, Type 1
|x genetics.
|
| 650 |
|
2 |
|a Diabetes Mellitus, Type 1
|x immunology.
|
| 650 |
|
2 |
|a Risk Factors.
|
| 700 |
1 |
|
|a Bækkeskov, S.
|q (Steinunn)
|
| 700 |
1 |
|
|a Hansen, B.
|q (Bruno)
|
| 830 |
|
0 |
|a Current topics in microbiology and immunology ;
|v 164.
|
| 999 |
|
|
|a MARS
|
| 999 |
f |
f |
|s 652bbe80-6da8-3817-9296-1f93d02309fa
|i e7536cad-af29-3ee6-9b6f-efde80cdeabc
|t 0
|
| 952 |
f |
f |
|p ric
|a Texas A&M University
|b Rellis Campus
|c Joint Library Facility
|d Remote Storage
|t 0
|e QW 504 C976 v.164 1990
|h National Library of Medicine classification
|i unmediated -- volume
|m 3238900932051
|
| 998 |
f |
f |
|a QW 504 C976 v.164 1990
|t 0
|l Remote Storage
|